[Event "Quart Poblet op 2nd Blitz"]
[Site "Quart de Poblet"]
[Date "2019.08.10"]
[Round "1.7"]
[White "Lagardera Ventura, Jose Luis"]
[Black "Toledano Llinares, Juan Antonio"]
[Result "0-1"]
[WhiteElo "1493"]
[BlackElo "2249"]
[PlyCount "50"]
[EventDate "2019.08.10"]
[EventType "swiss (blitz)"]
[EventRounds "9"]
[EventCountry "ESP"]
[SourceTitle "EXT 2024"]
[Source "ChessBase"]
[SourceDate "2023.10.10"]
[SourceVersion "1"]
[SourceVersionDate "2023.10.10"]
[SourceQuality "1"]

1. d4 d6 2. Nf3 Bg4 3. g3 Bxf3 4. exf3 Nd7 5. Bg2 e6 6. 0-0 d5 7. Re1 Bd6 8. Bd2 c6 9. Nc3 Ne7 10. a3 h5 11. Ne2 h4 12. b3 Nf5 13. c4 Qf6 14. Be3 Nxe3 15. fxe3 Qh6 16. Qd2 hxg3 17. hxg3 Qh2+ 18. Kf2 Rh3 19. f4 Nf6 20. Rh1 Ne4+ 21. Ke1 Qxh1+ 22. Bxh1 Rxh1+ 23. Ng1 Rxg1+ 24. Ke2 Rxa1 25. a4 Nxd2 0-1

[Event "Quart Poblet op 2nd Blitz"]
[Site "Quart de Poblet"]
[Date "2019.08.10"]
[Round "2.7"]
[White "Toledano Llinares, Juan Antonio"]
[Black "Rios Garcia, Miguel"]
[Result "0-1"]
[WhiteElo "2249"]
[BlackElo "1788"]
[PlyCount "79"]
[EventDate "2019.08.10"]
[EventType "swiss (blitz)"]
[EventRounds "9"]
[EventCountry "ESP"]
[SourceTitle "EXT 2024"]
[Source "ChessBase"]
[SourceDate "2023.10.10"]
[SourceVersion "1"]
[SourceVersionDate "2023.10.10"]
[SourceQuality "1"]

1. e4 Nf6 2. d3 d5 3. Nc3 dxe4 4. Nxe4 Nxe4 5. dxe4 Qxd1+ 6. Kxd1 e5 7. Nf3 f6 8. Bc4 Bg4 9. Be3 Nc6 10. c3 0-0-0+ 11. Ke2 Be7 12. h3 Bh5 13. a4 a6 14. b4 Nb8 15. a5 Be8 16. Rhb1 Bc6 17. Nd2 Bb5 18. Bxb5 axb5 19. c4 c6 20. cxb5 cxb5 21. Bb6 Rd7 22. Ra2 Nc6 23. a6 bxa6 24. Rc2 Kb7 25. Rbc1 Nxb4 26. Rc7+ Rxc7 27. Rxc7+ Kxb6 28. Rxe7 a5 29. Rxg7 a4 30. Rf7 a3 31. Nb3 Rc8 32. Rxf6+ Rc6 33. Rxc6+ Nxc6 34. Kd3 b4 35. Kc4 a2 36. Na1 Ka5 37. g3 Ka4 38. f4 Na5+ 39. Kd3 Nb3 40. Nc2 0-1

[Event "Benasque op 32nd"]
[Site "Benasque"]
[Date "2012.07.07"]
[Round "3"]
[White "Shanava, Konstantine"]
[Black "Toledano Llinares, Juan Antonio"]
[Result "1-0"]
[WhiteElo "2578"]
[BlackElo "2312"]
[PlyCount "43"]
[EventDate "2012.07.05"]
[EventType "swiss"]
[EventRounds "10"]
[EventCountry "ESP"]
[SourceTitle "CBM 149 Extra"]
[Source "ChessBase"]
[SourceDate "2012.08.24"]
[SourceVersion "1"]
[SourceVersionDate "2012.08.24"]
[SourceQuality "1"]

1. e4 c5 2. Nf3 Nc6 3. Bb5 d6 4. 0-0 Bd7 5. c3 Nf6 6. Re1 a6 7. Bf1 Bg4 8. h3 Bh5 9. d3 e6 10. Nbd2 Be7 11. g4 Bg6 12. Bg2 Ne5 13. Nxe5 dxe5 14. Nc4 Qc7 15. f4 exf4 16. e5 0-0-0 17. exf6 Rxd3 18. fxe7 f3 19. Qc2 fxg2 20. Qf2 Qxe7 21. Bf4 f6 22. Bd6 1-0

[Event "Valencia-chT Honor"]
[Site "Valencia"]
[Date "2009.02.07"]
[Round "5.5"]
[White "Pena Riasco, Alexander"]
[Black "Toledano Llinares, Juan Antonio"]
[Result "1-0"]
[WhiteElo "2228"]
[BlackElo "2334"]
[PlyCount "90"]
[EventDate "2009.01.10"]
[EventType "team"]
[EventRounds "5"]
[EventCountry "ESP"]
[SourceTitle "EXT 2010"]
[Source "ChessBase"]
[SourceDate "2010.11.25"]
[SourceVersion "1"]
[SourceVersionDate "2010.11.25"]
[SourceQuality "1"]
[WhiteTeam "Mislata"]
[BlackTeam "Alzicapital"]
[WhiteTeamCountry "ESP"]
[BlackTeamCountry "ESP"]

1. e4 c5 2. Nf3 Nc6 3. d4 cxd4 4. Nxd4 Nf6 5. Nc3 d6 6. Be3 e5 7. Nde2 Be7 8. f3 Be6 9. Nd5 0-0 10. Nec3 a6 11. Bb6 Qd7 12. a3 Bd8 13. Be3 Rc8 14. Rc1 Re8 15. Be2 Nd4 16. 0-0 Nxd5 17. Nxd5 Bxd5 18. exd5 Nf5 19. Bf2 Bg5 20. Rb1 Qc7 21. Bd3 Ne7 22. c4 Qd7 23. Qc2 g6 24. Rbd1 Nf5 25. Bxf5 Qxf5 26. Qb3 Qd7 27. Qd3 Qa4 28. b4 a5 29. Rb1 axb4 30. Rxb4 Qa6 31. Rfb1 Re7 32. Rb5 Rec7 33. R1b4 Kg7 34. a4 Rd7 35. g3 Bd8 36. f4 Bf6 37. Bb6 Qa8 38. f5 Re8 39. fxg6 hxg6 40. Qe4 Bg5 41. Qg4 f5 42. Qxg5 Rh8 43. c5 dxc5 44. Rxc5 Qa6 45. Qe3 Re8 1-0

[Event "Cullera op-A"]
[Site "Cullera"]
[Date "2006.07.27"]
[Round "8"]
[White "Toledano Llinares, Juan Antonio"]
[Black "Balada Moreno, Jose Luis"]
[Result "0-1"]
[WhiteElo "2344"]
[BlackElo "2170"]
[PlyCount "124"]
[EventDate "2006.07.20"]
[EventType "swiss"]
[EventRounds "9"]
[EventCountry "ESP"]
[SourceTitle "EXT 2007"]
[Source "ChessBase"]
[SourceDate "2006.11.23"]
[SourceVersion "1"]
[SourceVersionDate "2006.11.23"]
[SourceQuality "1"]

1. e4 d6 2. d4 Nf6 3. Nc3 g6 4. f3 c6 5. Be3 b5 6. Qd2 a5 7. Rd1 b4 8. Na4 Bd7 9. b3 Na6 10. d5 c5 11. e5 Bxa4 12. bxa4 dxe5 13. Bb5+ Nd7 14. Bc6 Rb8 15. Ne2 Bg7 16. d6 e6 17. Bb5 Rb6 18. c4 0-0 19. 0-0 Nab8 20. Nc1 Nc6 21. Nb3 Nd4 22. Bxd4 exd4 23. Nxa5 Nb8 24. Nb3 Qxd6 25. a3 Nc6 26. Nc1 bxa3 27. Nd3 Ra8 28. Ra1 Na7 29. Ra2 Nc6 30. Rxa3 Na5 31. f4 Rbb8 32. Re1 Nc6 33. a5 Nb4 34. g3 Nxd3 35. Qxd3 h5 36. a6 Ra7 37. Qe4 Rd8 38. Rd1 h4 39. Bc6 hxg3 40. hxg3 e5 41. Bb7 f5 42. Qd5+ Qxd5 43. Bxd5+ Kf8 44. fxe5 Bxe5 45. Kf2 Rd6 46. Bb7 Rb6 47. Re1 Bb8 48. Rd3 g5 49. Rf3 f4 50. gxf4 Bxf4 51. Rh3 Raxb7 52. axb7 Rxb7 53. Ra1 Kg7 54. Rha3 Rb4 55. Ra7+ Kf6 56. R1a4 Rb2+ 57. Kf3 Rb3+ 58. Kg4 Rg3+ 59. Kh5 d3 60. Rd7 d2 61. Ra1 Rc3 62. Rf1 Ke6 0-1

[Event "Cullera op-A"]
[Site "Cullera"]
[Date "2006.07.25"]
[Round "5"]
[White "Carrascoso Morales, Abel"]
[Black "Toledano Llinares, Juan Antonio"]
[Result "1/2-1/2"]
[WhiteElo "2134"]
[BlackElo "2344"]
[PlyCount "122"]
[EventDate "2006.07.20"]
[EventType "swiss"]
[EventRounds "9"]
[EventCountry "ESP"]
[SourceTitle "EXT 2007"]
[Source "ChessBase"]
[SourceDate "2006.11.23"]
[SourceVersion "1"]
[SourceVersionDate "2006.11.23"]
[SourceQuality "1"]

1. e4 d6 2. d4 Nf6 3. Nc3 e5 4. Nf3 Nbd7 5. Bc4 Be7 6. 0-0 c6 7. h3 b5 8. Bd3 a6 9. Ne2 0-0 10. Ng3 Re8 11. c3 Bf8 12. Nh2 exd4 13. cxd4 c5 14. d5 c4 15. Bc2 g6 16. Be3 Bg7 17. Bd4 Qc7 18. Qd2 Bb7 19. Rae1 Re7 20. f4 Rae8 21. Nf3 a5 22. f5 Nc5 23. fxg6 fxg6 24. Ng5 Nfd7 25. Bxg7 Rxg7 26. Rf4 Ne5 27. Ref1 Bc8 28. Ne2 h6 29. Nf3 Ned3 30. Bxd3 cxd3 31. Ng3 b4 32. Nd4 Qe7 33. Nc6 Qg5 34. h4 Qxg3 35. R1f3 Qxf4 36. Rxf4 g5 37. hxg5 hxg5 38. Rf1 Rxe4 39. Re1 Ba6 40. Nd8 Re2 41. Rxe2 dxe2 42. Qe3 Kf8 43. Ne6+ Nxe6 44. dxe6 Rc7 45. Kf2 Ke7 46. Qe4 Rc1 47. Qh7+ Kxe6 48. Qg6+ Kd7 49. Qf5+ Kc6 50. Qe4+ Kd7 51. Qf5+ Kc6 52. Qe4+ Kb6 53. Qd4+ Kb7 54. Qd5+ Ka7 55. Qd4+ Kb7 56. Qd5+ Ka7 57. Qd4+ Kb7 58. Qd5+ Kc8 59. Qa8+ Kd7 60. Qa7+ Kd8 61. Qb6+ Kd7 1/2-1/2

[Event "Cullera op-A"]
[Site "Cullera"]
[Date "2006.07.24"]
[Round "4"]
[White "Toledano Llinares, Juan Antonio"]
[Black "Perez Garcia, Jose Miguel"]
[Result "1-0"]
[WhiteElo "2344"]
[BlackElo "2035"]
[PlyCount "55"]
[EventDate "2006.07.20"]
[EventType "swiss"]
[EventRounds "9"]
[EventCountry "ESP"]
[SourceTitle "EXT 2007"]
[Source "ChessBase"]
[SourceDate "2006.11.23"]
[SourceVersion "1"]
[SourceVersionDate "2006.11.23"]
[SourceQuality "1"]

1. f4 e5 2. fxe5 d6 3. e6 fxe6 4. Nf3 Nf6 5. d4 Be7 6. Bg5 0-0 7. Nc3 Nc6 8. Qd2 h6 9. Bxf6 Bxf6 10. 0-0-0 e5 11. d5 Nd4 12. Ne4 Nxf3 13. exf3 Bf5 14. Kb1 Bxe4 15. fxe4 Bg5 16. Qe1 Qe8 17. h4 Be7 18. Qb4 Qh5 19. Re1 b6 20. Be2 Qg6 21. Bf3 Rf7 22. Qd2 Qg3 23. h5 Bg5 24. Qe2 a5 25. Rh3 Qf4 26. Bg4 Re7 27. Rd1 Bf6 28. Rf1 1-0

[Event "Cullera op 26th"]
[Site "Cullera"]
[Date "2005.07.23"]
[Round "2.9"]
[White "Picazo Lopez, Juan Antonio"]
[Black "Toledano Llinares, Juan Antonio"]
[Result "0-1"]
[WhiteElo "2116"]
[BlackElo "2338"]
[PlyCount "64"]
[EventDate "2005.07.21"]
[EventType "swiss"]
[EventRounds "9"]
[EventCountry "ESP"]
[SourceTitle "CBM 107 Extra"]
[Source "ChessBase"]
[SourceDate "2005.09.01"]
[SourceVersion "1"]
[SourceVersionDate "2005.09.01"]
[SourceQuality "1"]

1. d4 Nf6 2. c4 d5 3. cxd5 Nxd5 4. Nc3 g6 5. e4 Nxc3 6. bxc3 Bg7 7. Bb5+ c6 8. Ba4 0-0 9. Ne2 Qa5 10. 0-0 b6 11. Bc2 Rd8 12. f4 Bg4 13. Bd2 c5 14. e5 cxd4 15. cxd4 Qa6 16. Rf2 Nc6 17. Be3 Bxe2 18. Rxe2 Nxd4 19. Bxd4 Rxd4 20. Qxd4 Qxe2 21. Bb3 e6 22. Bc4 Qc2 23. Bb3 Qc7 24. Rd1 Bf8 25. Qd7 Qxd7 26. Rxd7 h5 27. g3 a5 28. h3 b5 29. g4 hxg4 30. hxg4 a4 31. Bc2 b4 32. Rd2 Bc5+ 0-1

[Event "Cullera op 26th"]
[Site "Cullera"]
[Date "2005.07.22"]
[Round "1.9"]
[White "Toledano Llinares, Juan Antonio"]
[Black "Alarcia Astiz, Carlos"]
[Result "1-0"]
[WhiteElo "2338"]
[BlackElo "2091"]
[PlyCount "105"]
[EventDate "2005.07.21"]
[EventType "swiss"]
[EventRounds "9"]
[EventCountry "ESP"]
[SourceTitle "CBM 107 Extra"]
[Source "ChessBase"]
[SourceDate "2005.09.01"]
[SourceVersion "1"]
[SourceVersionDate "2005.09.01"]
[SourceQuality "1"]

1. b3 d5 2. Bb2 c5 3. e3 Nc6 4. Bb5 Nf6 5. Bxc6+ bxc6 6. d3 Qc7 7. Nf3 Bg4 8. h3 Bxf3 9. Qxf3 e5 10. Qg3 Nd7 11. 0-0 f6 12. c4 Nb6 13. e4 Bd6 14. cxd5 cxd5 15. Nc3 0-0 16. exd5 Qb7 17. Qf3 Rad8 18. Rac1 Be7 19. Rfd1 Rd7 20. Ba3 Rc8 21. Qg4 Nxd5 22. Nxd5 Qxd5 23. b4 f5 24. Qc4 Qxc4 25. Rxc4 Rcd8 26. bxc5 Rxd3 27. Rxd3 Rxd3 28. Bb2 Bf6 29. c6 Rd8 30. Kf1 Rc8 31. f4 e4 32. Bxf6 gxf6 33. Kf2 Kf7 34. Ke3 h5 35. Kd4 Ke6 36. c7 Kd6 37. Rc5 e3 38. Rc3 Rxc7 39. Rxe3 Rc2 40. Ra3 Rxg2 41. Ra6+ Kc7 42. Rxa7+ Kd6 43. Rf7 Rxa2 44. Rxf6+ Kc7 45. Rxf5 h4 46. Rc5+ Kd6 47. Rc3 Rf2 48. Ke4 Rf1 49. Ra3 Rc1 50. Kf5 Rg1 51. Ra6+ Ke7 52. Rh6 Ra1 53. Rxh4 1-0

[Event "Valencia-chT Div Honor"]
[Site "Alfas del Pi"]
[Date "2005.01.22"]
[Round "1.3"]
[White "Toledano Llinares, Juan Antonio"]
[Black "Corona Gentil, Jose Luis"]
[Result "1-0"]
[WhiteElo "2336"]
[BlackElo "2143"]
[PlyCount "143"]
[EventDate "2005.01.22"]
[EventType "team"]
[EventRounds "10"]
[EventCountry "ESP"]
[SourceTitle "CBM 104 Extra"]
[Source "ChessBase"]
[SourceDate "2005.03.01"]
[SourceVersion "1"]
[SourceVersionDate "2005.03.01"]
[SourceQuality "1"]

1. e4 e5 2. d4 exd4 3. Bc4 d6 4. Nf3 Be7 5. Nxd4 Nf6 6. Nc3 0-0 7. Bb3 Na6 8. 0-0 Nc5 9. Re1 Ng4 10. h3 Ne5 11. Bf4 c6 12. Qe2 Qc7 13. Rad1 b6 14. Qh5 Be6 15. Bg3 g6 16. Qe2 Bxb3 17. axb3 Ne6 18. f4 Nxd4 19. Rxd4 Nd7 20. Red1 Rae8 21. Qc4 Qc8 22. Kh1 b5 23. Qf1 b4 24. Rxb4 d5 25. Ra4 Nc5 26. Rxa7 Nxe4 27. Nxe4 dxe4 28. Bf2 Qf5 29. Be3 h5 30. Rdd7 Bc5 31. Bxc5 Qxc5 32. Qc4 Qxc4 33. bxc4 e3 34. Ra1 Re4 35. b3 Rxf4 36. Re7 Rf2 37. Rxe3 Rxc2 38. Ra7 Rb2 39. Rf3 Re2 40. Rf6 Re6 41. Rxe6 fxe6 42. Re7 Rb8 43. Rxe6 Kf7 44. Re3 Kf6 45. Kg1 c5 46. h4 Kf5 47. g3 Ra8 48. Kg2 Ra2+ 49. Kf3 Rb2 50. Rd3 Rb1 51. Rd5+ Kf6 52. Rxc5 Rxb3+ 53. Kf4 Rb1 54. Rc6+ Kf7 55. Kg5 Rg1 56. Rc7+ Ke6 57. Kxg6 Rxg3+ 58. Kxh5 Kd6 59. Rf7 Ke5 60. c5 Ke6 61. Rh7 Rc3 62. Rc7 Rg3 63. Kh6 Kf6 64. h5 Rg8 65. Rc6+ Kf7 66. Rg6 Rh8+ 67. Kg5 Rd8 68. Rf6+ Kg7 69. h6+ Kh7 70. Rf7+ Kh8 71. c6 Rd5+ 72. Kg6 1-0

[Event "Cullera op-A 25th"]
[Site "Cullera"]
[Date "2004.07.28"]
[Round "8"]
[White "Toledano Llinares, Juan Antonio"]
[Black "Ibanez Aullana, Jose Ramon"]
[Result "0-1"]
[WhiteElo "2338"]
[BlackElo "2288"]
[PlyCount "100"]
[EventDate "2004.07.??"]
[EventType "swiss"]
[EventRounds "9"]
[EventCountry "ESP"]
[SourceTitle "CBM 101 Extra"]
[Source "ChessBase"]
[SourceDate "2004.09.01"]
[SourceVersion "2"]
[SourceVersionDate "2004.09.01"]
[SourceQuality "1"]

1. e4 c6 2. d4 d5 3. Nc3 g6 4. Bf4 Bg7 5. exd5 cxd5 6. Nb5 Na6 7. c3 Nf6 8. h3 0-0 9. Nf3 Ne8 10. Bd3 Qb6 11. 0-0 Nb8 12. a4 a6 13. Na3 Qxb2 14. c4 Nc6 15. cxd5 Nxd4 16. Nxd4 Qxd4 17. Qf3 Qxa4 18. Ra2 Qb3 19. Qe2 Qxd5 20. Bc4 Qf5 21. Qe3 Nf6 22. Re1 Nd5 23. Bxd5 Qxd5 24. Rc2 e5 25. Bxe5 Qxe5 26. Qxe5 Bxe5 27. Rxe5 Be6 28. Kf1 b5 29. Rb2 Rab8 30. Ke2 Rfd8 31. f3 Rd4 32. Nc2 Rd6 33. Ne3 Rdb6 34. g4 a5 35. f4 a4 36. f5 Bb3 37. Kd3 Rc8 38. Nd5 Bc4+ 39. Kd4 a3 40. Nxb6 axb2 41. Re1 Rc6 42. f6 Re6 43. Rb1 Rxb6 44. g5 Rd6+ 45. Kc3 Rd3+ 46. Kc2 Rxh3 47. Re1 h6 48. Kb1 hxg5 49. Rd1 g4 50. Rg1 Rf3 0-1

[Event "Cullera op-A 25th"]
[Site "Cullera"]
[Date "2004.07.27"]
[Round "7"]
[White "Torres Sanchez, Jose"]
[Black "Toledano Llinares, Juan Antonio"]
[Result "0-1"]
[WhiteElo "2275"]
[BlackElo "2338"]
[PlyCount "88"]
[EventDate "2004.07.??"]
[EventType "swiss"]
[EventRounds "9"]
[EventCountry "ESP"]
[SourceTitle "CBM 101 Extra"]
[Source "ChessBase"]
[SourceDate "2004.09.01"]
[SourceVersion "2"]
[SourceVersionDate "2004.09.01"]
[SourceQuality "1"]

1. e4 g6 2. Nc3 c5 3. Nf3 Bg7 4. d4 cxd4 5. Nxd4 Nc6 6. Be3 Nf6 7. Nxc6 bxc6 8. e5 Ng8 9. f4 d5 10. Be2 f6 11. Bd4 Nh6 12. 0-0 0-0 13. Na4 Nf5 14. c3 fxe5 15. fxe5 Qc7 16. g4 Nh6 17. Rxf8+ Kxf8 18. Qd2 Kg8 19. e6 Bxe6 20. Bxg7 Kxg7 21. Qd4+ Kg8 22. Qe3 Bxg4 23. Qxh6 Bxe2 24. Re1 Bd3 25. Nc5 Bf5 26. Qe3 e5 27. Qxe5 Qxe5 28. Rxe5 Kf7 29. Na6 Re8 30. Rxe8 Kxe8 31. Kf2 Kd7 32. Ke3 g5 33. b4 Kd6 34. Nc5 Ke5 35. Nb3 h5 36. Nd4 Bd7 37. a4 g4 38. a5 h4 39. Ne2 Kd6 40. Nf4 c5 41. Nd3 cxb4 42. Nxb4 Bf5 43. Kf4 g3 44. hxg3 h3 0-1

[Event "Cullera op-A 25th"]
[Site "Cullera"]
[Date "2004.07.26"]
[Round "6"]
[White "Lacrosse, Marc"]
[Black "Toledano Llinares, Juan Antonio"]
[Result "0-1"]
[WhiteElo "2283"]
[BlackElo "2338"]
[PlyCount "80"]
[EventDate "2004.07.??"]
[EventType "swiss"]
[EventRounds "9"]
[EventCountry "ESP"]
[SourceTitle "CBM 101 Extra"]
[Source "ChessBase"]
[SourceDate "2004.09.01"]
[SourceVersion "2"]
[SourceVersionDate "2004.09.01"]
[SourceQuality "1"]

1. d4 d6 2. c4 e5 3. Nf3 e4 4. Ng5 f5 5. Nc3 Be7 6. Nh3 Nf6 7. g3 0-0 8. Bg2 c6 9. 0-0 Nbd7 10. d5 Ne5 11. b3 Bd7 12. f3 Qa5 13. Qd2 Qc5+ 14. Qe3 Qxe3+ 15. Bxe3 cxd5 16. Nxd5 Nxd5 17. cxd5 exf3 18. exf3 Rfc8 19. Rac1 Nd3 20. Rxc8+ Rxc8 21. Bxa7 Ra8 22. Bd4 Rxa2 23. Nf2 Nb4 24. f4 Nc2 25. Bc3 Kf7 26. Nd1 Bd8 27. Rf3 Bb6+ 28. Kh1 Nd4 29. Bxd4 Bxd4 30. Bf1 Kf6 31. Rd3 Bc5 32. Nc3 Ra3 33. Be2 b5 34. Kg2 h6 35. h4 b4 36. Nb1 Ra5 37. Nd2 Ra2 38. Kf3 Be8 39. g4 fxg4+ 40. Kxg4 Bg6 0-1

[Event "Cullera GM"]
[Site "Cullera"]
[Date "2003.07.23"]
[Round "8.1"]
[White "Toledano Llinares, Juan Antonio"]
[Black "Adell Corts, Francisco"]
[Result "1/2-1/2"]
[WhiteElo "2357"]
[BlackElo "2213"]
[PlyCount "32"]
[EventDate "2003.07.16"]
[EventType "tourn"]
[EventRounds "11"]
[EventCountry "ESP"]
[EventCategory "7"]
[SourceTitle "CBM 095 Extra"]
[Source "ChessBase"]
[SourceDate "2003.09.04"]
[SourceVersion "1"]
[SourceVersionDate "2003.09.04"]
[SourceQuality "1"]

1. e4 e5 2. Nf3 Nc6 3. d4 exd4 4. Bc4 Nf6 5. 0-0 Nxe4 6. Re1 d5 7. Bxd5 Qxd5 8. Nc3 Qa5 9. Nxe4 Be6 10. Neg5 0-0-0 11. Nxe6 fxe6 12. Rxe6 Bd6 13. Bg5 Rde8 14. Qe2 Kd7 15. Re1 Qxe1+ 16. Nxe1 Rxe6 1/2-1/2

[Event "Cullera GM"]
[Site "Cullera"]
[Date "2003.07.17"]
[Round "2.1"]
[White "Toledano Llinares, Juan Antonio"]
[Black "Herraiz Hidalgo, Herminio"]
[Result "0-1"]
[WhiteElo "2357"]
[BlackElo "2494"]
[PlyCount "82"]
[EventDate "2003.07.16"]
[EventType "tourn"]
[EventRounds "11"]
[EventCountry "ESP"]
[EventCategory "7"]
[SourceTitle "CBM 095 Extra"]
[Source "ChessBase"]
[SourceDate "2003.09.04"]
[SourceVersion "1"]
[SourceVersionDate "2003.09.04"]
[SourceQuality "1"]

1. e4 e6 2. d3 d5 3. c3 Nf6 4. Qc2 c5 5. Bg5 h6 6. Bh4 Nc6 7. Be2 Be7 8. Nd2 b6 9. f4 Bb7 10. Nh3 Rc8 11. 0-0 b5 12. Rae1 0-0 13. Bxf6 Bxf6 14. Bg4 dxe4 15. dxe4 c4 16. e5 Bh4 17. g3 Be7 18. Nf2 Qb6 19. Nde4 Rcd8 20. Rd1 Rd5 21. Bf3 Rfd8 22. Kg2 Na5 23. Qe2 Bc6 24. Nd2 R5d7 25. Bxc6 Qxc6+ 26. Nf3 Nb7 27. Kh3 Rxd1 28. Rxd1 Rxd1 29. Qxd1 Bc5 30. Qe2 Bxf2 31. Qxf2 Nc5 32. Nd4 Qd5 33. Qg2 Qxg2+ 34. Kxg2 a6 35. b4 cxb3 36. axb3 Ne4 37. Ne2 a5 38. c4 bxc4 39. bxc4 Kf8 40. Kf3 Nd2+ 41. Ke3 Nxc4+ 0-1

[Event "ESP-chT"]
[Site "Lanzarote"]
[Date "2003.05.09"]
[Round "4.3"]
[White "Baron Rodriguez, Jesus"]
[Black "Toledano Llinares, Juan Antonio"]
[Result "0-1"]
[WhiteElo "2418"]
[BlackElo "2357"]
[PlyCount "106"]
[EventDate "2003.05.06"]
[EventType "team"]
[EventRounds "9"]
[EventCountry "ESP"]
[SourceTitle "CBM 094 Extra"]
[Source "ChessBase"]
[SourceDate "2003.07.09"]
[SourceVersion "2"]
[SourceVersionDate "2003.07.09"]
[SourceQuality "1"]
[WhiteTeam "IberCaja"]
[BlackTeam "Alzira Hiraturas"]
[WhiteTeamCountry "ESP"]
[BlackTeamCountry "ESP"]

1. e4 c6 2. d4 g6 3. Nc3 Bg7 4. f4 d5 5. e5 h5 6. Nf3 Nh6 7. Be3 Bf5 8. h3 e6 9. Be2 Bf8 10. Bf2 Be7 11. g3 Nd7 12. Qd2 Qa5 13. Ng5 f6 14. exf6 Nxf6 15. Bd3 Bb4 16. 0-0 Bxc3 17. bxc3 Nf7 18. Rab1 b6 19. Be1 Nd6 20. Qc1 Nc4 21. Bf2 0-0 22. Re1 Rae8 23. Bxc4 dxc4 24. Qd2 Nd5 25. Rbc1 Qxc3 26. Qe2 b5 27. Qe5 Qa5 28. Qd6 Qc7 29. Qc5 h4 30. Re5 hxg3 31. Bxg3 Nb6 32. Re2 Nd7 33. Qa3 c5 34. dxc5 Qxc5+ 35. Qxc5 Nxc5 36. Re5 Na4 37. c3 a6 38. Bf2 Nb2 39. Re2 Nd3 40. Rd1 Nxf4 41. Re3 Rd8 42. Ree1 Nxh3+ 43. Nxh3 Bxh3 44. Bd4 Rf3 45. Re5 Rxc3 46. Bxc3 Rxd1+ 47. Kf2 Rd3 48. Bb4 Rd5 49. Re1 Bf5 50. Kf3 g5 51. Rg1 Rd3+ 52. Ke2 g4 53. a3 a5 0-1

[Event "Autonomico-chT"]
[Site "Aragon"]
[Date "2003.??.??"]
[Round "?"]
[White "Galindo Rodriguez, Francisco"]
[Black "Toledano Llinares, Juan Antonio"]
[Result "0-1"]
[WhiteElo "2198"]
[BlackElo "2357"]
[PlyCount "108"]
[EventDate "2003.??.??"]
[EventType "team"]
[EventRounds "9"]
[EventCountry "ESP"]
[SourceTitle "EXT 2007"]
[Source "ChessBase"]
[SourceDate "2006.11.23"]
[SourceVersion "1"]
[SourceVersionDate "2006.11.23"]
[SourceQuality "1"]

1. e4 c5 2. Nf3 Nc6 3. c4 g6 4. d4 cxd4 5. Nxd4 Bg7 6. Be3 Nf6 7. Nc3 0-0 8. Be2 d6 9. Qd2 Ng4 10. Bxg4 Bxg4 11. f3 Bd7 12. 0-0 Qa5 13. Rfd1 Rfc8 14. Nb3 Qh5 15. Nd5 Be6 16. Nf4 Qh4 17. Nxe6 fxe6 18. c5 Ne5 19. Rac1 Nf7 20. Nd4 Qf6 21. b4 dxc5 22. bxc5 Rd8 23. Qb4 e5 24. Nb3 Qa6 25. Rd5 e6 26. Rxd8+ Rxd8 27. a4 Bf8 28. Kf2 Rd3 29. Rc2 Nd8 30. Na5 b6 31. Qc4 Qxc4 32. Nxc4 bxc5 33. Nxe5 Rd1 34. Ke2 Ra1 35. Rd2 Nf7 36. Nxf7 Kxf7 37. Rd7+ Ke8 38. Rxa7 Ra2+ 39. Kf1 c4 40. Bd4 Bb4 41. Rc7 Rc2 42. Be3 c3 43. Rc4 Ba5 44. Bc5 h5 45. Be3 Ra2 46. Bd4 Rb2 47. Rc8+ Kd7 48. Rc4 Rc2 49. Be5 Ke8 50. Bd4 Ra2 51. Be5 g5 52. h3 c2 53. Bd4 Bd2 54. Ke2 c1Q 0-1

[Event "Autonomico-chT"]
[Site "Aragon"]
[Date "2003.??.??"]
[Round "?"]
[White "Rodriguez Valencoso, Juan Carlos"]
[Black "Toledano Llinares, Juan Antonio"]
[Result "1/2-1/2"]
[WhiteElo "2138"]
[BlackElo "2357"]
[PlyCount "128"]
[EventDate "2003.??.??"]
[EventType "team"]
[EventRounds "9"]
[EventCountry "ESP"]
[SourceTitle "EXT 2007"]
[Source "ChessBase"]
[SourceDate "2006.11.23"]
[SourceVersion "1"]
[SourceVersionDate "2006.11.23"]
[SourceQuality "1"]

1. e4 c5 2. Nf3 g6 3. d3 Bg7 4. g3 Nf6 5. Bg2 d5 6. Nbd2 dxe4 7. dxe4 0-0 8. 0-0 Nc6 9. Re1 h6 10. c3 Be6 11. Qe2 Nd7 12. Nc4 b5 13. Ne3 c4 14. Rd1 Rc8 15. Nd4 Nxd4 16. cxd4 Nb6 17. d5 Bd7 18. Nc2 Na4 19. e5 Bf5 20. Nb4 Nc5 21. Nc6 Qd7 22. Be3 Nd3 23. f4 Rc7 24. Nxe7+ Qxe7 25. d6 Qd7 26. dxc7 Qxc7 27. g4 Bc8 28. Be4 g5 29. Rxd3 cxd3 30. Bxd3 gxf4 31. Bxf4 Qc5+ 32. Qe3 Qxe3+ 33. Bxe3 Bxe5 34. Bxh6 Rd8 35. Bxb5 Bxg4 36. Re1 Bxb2 37. Re8+ Rxe8 38. Bxe8 Ba3 39. Be3 a6 40. Ba4 Be6 41. Bb3 Kg7 42. Bd4+ Kg6 43. Kf2 Kg5 44. Kf3 Bg4+ 45. Kg2 f5 46. Ba4 a5 47. Bb3 f4 48. Bd5 Bb4 49. a4 Bd7 50. Kf3 Bxa4 51. h4+ Kxh4 52. Kxf4 Bc2 53. Bc6 Bd2+ 54. Be3 Bc3 55. Bb6 a4 56. Bxa4 Bxa4 57. Bd8+ Kh5 58. Bb6 Bc6 59. Ke3 Kg4 60. Bd4 Bb4 61. Kd3 Kf5 62. Kc2 Ke4 63. Bg7 Ba4+ 64. Kb2 Kd3 1/2-1/2

[Event "Autonomico-chT"]
[Site "Aragon"]
[Date "2003.??.??"]
[Round "?"]
[White "Toledano Llinares, Juan Antonio"]
[Black "Alonso Pascual, Francisco"]
[Result "1-0"]
[WhiteElo "2357"]
[BlackElo "2242"]
[PlyCount "125"]
[EventDate "2003.??.??"]
[EventType "team"]
[EventRounds "9"]
[EventCountry "ESP"]
[SourceTitle "EXT 2007"]
[Source "ChessBase"]
[SourceDate "2006.11.23"]
[SourceVersion "1"]
[SourceVersionDate "2006.11.23"]
[SourceQuality "1"]

1. e4 c5 2. Nc3 e5 3. Bc4 d6 4. d3 Nc6 5. Qh5 g6 6. Qf3 f6 7. Nge2 Bg7 8. Nd5 Bd7 9. a3 h5 10. h4 Nce7 11. Nec3 Bc6 12. Qg3 Qd7 13. f4 0-0-0 14. f5 Kb8 15. b4 Bxd5 16. Nxd5 Nxd5 17. Bxd5 gxf5 18. exf5 Ne7 19. Be6 Nxf5 20. Bxf5 Qxf5 21. Qxg7 Rdg8 22. Qe7 Rxg2 23. Qxd6+ Ka8 24. Rf1 Qg4 25. Rf2 Rxf2 26. Kxf2 Qxh4+ 27. Ke2 Qh2+ 28. Kd1 Qg1+ 29. Kd2 Qf2+ 30. Kc3 cxb4+ 31. Kb3 Rc8 32. Ra2 Qg1 33. Bd2 Qg8+ 34. Kb2 b3 35. cxb3 Rd8 36. Qb4 Rxd3 37. Ra1 Qd8 38. Bc3 Rd5 39. Rg1 a5 40. Qc4 Qd7 41. a4 Qc6 42. Qxc6 bxc6 43. Rh1 e4 44. Bxf6 Rf5 45. Bd4 Rd5 46. Bc3 Kb7 47. Re1 h4 48. Rxe4 Rh5 49. Be5 h3 50. Bh2 Kb6 51. Kc3 Rc5+ 52. Rc4 Rh5 53. Kd3 Rd5+ 54. Kc3 Rh5 55. Rd4 Rc5+ 56. Kd3 Rh5 57. Rd7 Rf5 58. Bg1+ c5 59. Rd6+ Kc7 60. Rh6 Rf3+ 61. Kc4 Rf4+ 62. Kxc5 Rf5+ 63. Kc4 1-0